00354nam a22001097a 4500020001800000040000900018082001700027100002000044245002900064260003700093650011400130 a9781782745297 cNUST a358.4183 NEW aNewdick, Thomas aTop 50 Military Aircraft aLondon:bAmber Books Ltd,c2017. aAirplanes, Military -- Encyclopedias -- Pictorial works. Airplanes, Military -- History. Airplanes, Military.